<?xml version="1.0" encoding="UTF-8"?>
<record
    xmlns:xsi="http://www.w3.org/2001/XMLSchema-instance"
    xsi:schemaLocation="http://www.loc.gov/MARC21/slim http://www.loc.gov/standards/marcxml/schema/MARC21slim.xsd"
    xmlns="http://www.loc.gov/MARC21/slim">

  <leader>01522nam a22003017a 4500</leader>
  <controlfield tag="005">20090811103411.0</controlfield>
  <controlfield tag="008">090807t        xxu||||| |||| 00| 0 hin d</controlfield>
  <datafield tag="010" ind1=" " ind2=" ">
    <subfield code="a">HIN-87721</subfield>
  </datafield>
  <datafield tag="020" ind1=" " ind2=" ">
    <subfield code="a">8172770502</subfield>
    <subfield code="c">250.00</subfield>
  </datafield>
  <datafield tag="035" ind1=" " ind2=" ">
    <subfield code="a">HN-60067</subfield>
  </datafield>
  <datafield tag="037" ind1=" " ind2=" ">
    <subfield code="b">DBAD / PUB </subfield>
  </datafield>
  <datafield tag="040" ind1=" " ind2=" ">
    <subfield code="a">dpl</subfield>
    <subfield code="b">hn</subfield>
  </datafield>
  <datafield tag="082" ind1=" " ind2=" ">
    <subfield code="a">240.35</subfield>
  </datafield>
  <datafield tag="245" ind1=" " ind2=" ">
    <subfield code="a">&#x936;&#x924;&#x93E;&#x92C;&#x94D;&#x926;&#x940; &#x92A;&#x941;&#x930;&#x942;&#x937; &#x938;&#x939;&#x91C;&#x93E;&#x928;&#x928;&#x94D;&#x926; &#x935;&#x930;&#x94D;&#x923;&#x940; :</subfield>
    <subfield code="c"> &#x905;&#x936;&#x94B;&#x915; &#x938;&#x939;&#x91C;&#x93E;&#x928;&#x928;&#x94D;&#x926;  &#x926;&#x94D;&#x935;&#x93E;&#x930;&#x93E; &#x938;&#x902;&#x92A;&#x93E;&#x926;&#x93F;&#x924; </subfield>
    <subfield code="b">&#x935;&#x94D;&#x92F;&#x915;&#x94D;&#x924;&#x93F; &#x914;&#x930; &#x935;&#x93F;&#x91A;&#x93E;&#x930; /</subfield>
  </datafield>
  <datafield tag="246" ind1=" " ind2=" ">
    <subfield code="a">Shtabadipurush Sahajanand Varni: vyakti aur vichar</subfield>
    <subfield code="b">Edited by Ashok Sahajanand </subfield>
  </datafield>
  <datafield tag="260" ind1=" " ind2=" ">
    <subfield code="a">&#x926;&#x93F;&#x932;&#x94D;&#x932;&#x940;</subfield>
    <subfield code="b">&#x930;&#x93F;&#x938;&#x930;&#x94D;&#x91A; &#x92C;&#x941;&#x915;&#x94D;&#x938; </subfield>
    <subfield code="c">2009</subfield>
  </datafield>
  <datafield tag="270" ind1=" " ind2=" ">
    <subfield code="a">&#x92C;&#x940;-5/263 &#x92F;&#x92E;&#x941;&#x928;&#x93E; &#x935;&#x93F;&#x939;&#x93E;&#x930;</subfield>
    <subfield code="b">&#x926;&#x93F;&#x932;&#x94D;&#x932;&#x940;</subfield>
    <subfield code="e">110053 </subfield>
    <subfield code="k">011-65278761</subfield>
  </datafield>
  <datafield tag="300" ind1=" " ind2=" ">
    <subfield code="a">&#x916;&#x902;&#x921;-1 (243&#x92A;&#x943;.)</subfield>
    <subfield code="c">22&#x938;&#x947;&#x92E;&#x940; (&#x938;&#x91C;&#x93F;&#x932;&#x94D;&#x926;) </subfield>
  </datafield>
  <datafield tag="500" ind1=" " ind2=" ">
    <subfield code="a">(&#x916;&#x902;&#x921;-1)  &#x915;&#x947;&#x935;&#x932; &#x916;&#x902;&#x921;-1 &#x909;&#x92A;&#x932;&#x92C;&#x94D;&#x927; &#x939;&#x948; &#x964;</subfield>
  </datafield>
  <datafield tag="600" ind1=" " ind2=" ">
    <subfield code="a">&#x938;&#x939;&#x91C;&#x93E;&#x928;&#x928;&#x94D;&#x926; &#x935;&#x930;&#x94D;&#x923;&#x940;</subfield>
  </datafield>
  <datafield tag="600" ind1=" " ind2=" ">
    <subfield code="a">Sahajanand Varni</subfield>
  </datafield>
  <datafield tag="650" ind1=" " ind2=" ">
    <subfield code="a">&#x91C;&#x948;&#x928; &#x927;&#x930;&#x94D;&#x92E;</subfield>
  </datafield>
  <datafield tag="650" ind1=" " ind2=" ">
    <subfield code="a">Jainism</subfield>
  </datafield>
  <datafield tag="700" ind1=" " ind2=" ">
    <subfield code="a">&#x938;&#x939;&#x91C;&#x93E;&#x928;&#x928;&#x94D;&#x926;, &#x905;&#x936;&#x94B;&#x915;  </subfield>
  </datafield>
  <datafield tag="700" ind1=" " ind2=" ">
    <subfield code="a">&#x92F;&#x93E;&#x926;&#x935;, &#x926;&#x940;&#x926;&#x93E;&#x930; &#x938;&#x93F;&#x902;&#x939; </subfield>
  </datafield>
  <datafield tag="942" ind1=" " ind2=" ">
    <subfield code="2">ddc</subfield>
    <subfield code="c">HN</subfield>
    <subfield code="m">&#x936;&#x924;&#x93E;&#x92C;&#x94D;&#x926;&#x940;</subfield>
    <subfield code="h">240.35</subfield>
  </datafield>
  <datafield tag="999" ind1=" " ind2=" ">
    <subfield code="c">29089</subfield>
    <subfield code="d">29089</subfield>
  </datafield>
  <datafield tag="952" ind1=" " ind2=" ">
    <subfield code="0">0</subfield>
    <subfield code="1">0</subfield>
    <subfield code="2">ddc</subfield>
    <subfield code="4">0</subfield>
    <subfield code="7">1</subfield>
    <subfield code="a">DBAD</subfield>
    <subfield code="b">DBAD</subfield>
    <subfield code="d">2009-08-11</subfield>
    <subfield code="e">DBAD / PUB </subfield>
    <subfield code="g">250.00</subfield>
    <subfield code="l">0</subfield>
    <subfield code="o">240.35 &#x936;&#x924;&#x93E;&#x92C;&#x94D;&#x926;&#x940;</subfield>
    <subfield code="p">HN-60067</subfield>
    <subfield code="r">2009-08-11 00:00:00</subfield>
    <subfield code="t">1</subfield>
    <subfield code="v">250.00</subfield>
    <subfield code="w">2009-08-11</subfield>
    <subfield code="y">HN</subfield>
  </datafield>
</record>
